The Photoshop darkroom 2 : creative digital transformations
محفوظ في:
| المؤلفون الرئيسيون: | , |
|---|---|
| التنسيق: | كتاب |
| اللغة: | الإنجليزية |
| منشور في: |
Burlington, MA, USA :
Focal Press,
2011.
|
| الموضوعات: | |
| الوسوم: |
إضافة وسم
لا توجد وسوم, كن أول من يضع وسما على هذه التسجيلة!
|
MARC
| LEADER | 00000cam a22000004a 4500 | ||
|---|---|---|---|
| 001 | 16475443 | ||
| 003 | CL-VaPUC | ||
| 005 | 20250407202441.0 | ||
| 008 | 100924s2011 maua 001 0 eng | ||
| 999 | |c 447227 |d 447225 | ||
| 010 | |a 2010037557 | ||
| 020 | |a 9780240815312 (pbk.) | ||
| 020 | |a 0240815319 (pbk.) | ||
| 035 | |a (OCoLC)ocn666246347 | ||
| 040 | |a DLC |c Pontificia Universidad Católica de Valparaíso |d YDX |d BTCTA |d YDXCP |d CDX |d DLC | ||
| 042 | |a pcc | ||
| 050 | 0 | 0 | |a TR267.5.A3 |b D36 2011 |
| 082 | 0 | 0 | |a 006.696 DAV 2011 |2 22 |
| 100 | 1 | |a Davis, Harold, |d 1953- |e author |9 896590 | |
| 245 | 1 | 4 | |a The Photoshop darkroom 2 : |b creative digital transformations |
| 260 | |a Burlington, MA, USA : |b Focal Press, |c 2011. | ||
| 300 | |a 207 páginas ; |b ilustraciones |c 23 cm. | ||
| 500 | |a Includes index. | ||
| 583 | |c 20250311 |k Cristina María Rojas Aguilar | ||
| 630 | 0 | 0 | |a Adobe Photoshop. |9 896591 |
| 650 | 0 | |a Fotografía |x Técnicas digitales |9 896336 | |
| 650 | 0 | |a Fotografía |x Retoque |9 896592 | |
| 650 | 0 | |a Fotografía artística |9 896593 | |
| 700 | 1 | |a Davis, Phyllis, |d 1963- |e author |9 896594 | |
| 942 | |2 ddc |c BK |n 0 | ||
| 952 | |0 0 |1 0 |2 ddc |4 0 |6 006_696000000000000_DAV_2011 |7 0 |8 A |9 600939 |a BIBINC |b BIBINC |d 2025-03-11 |e Instituto Arcos |i 5665806 |o 006.696 DAV 2011 |p 5665806 |r 2025-03-11 |t 1 |w 2025-03-11 |y BK |k IFP | ||